|
|
|
|
| LEADER |
00000nas a2200000 a 4500 |
| 001 |
ssj0026234 |
| 003 |
WaSeSS |
| 005 |
20200512172242.0 |
| 006 |
m d |
| 007 |
cr n |
| 008 |
030826c20039999ne qr pss 0 a0eng c |
| 010 |
|
|
|a 2004255006
|
| 016 |
7 |
|
|a 012433620
|2 Uk
|
| 022 |
|
|
|a 1572-8544
|l 1570-1727
|y 1570-1727
|
| 030 |
|
|
|a JAEOAR
|
| 035 |
|
|
|a (WaSeSS)ssj0026234
|
| 040 |
|
|
|a OUN
|b eng
|e pn
|c OUN
|d OCLCQ
|d ZCU
|d CAS
|d OCLCQ
|d OCL
|d GUA
|d CLU
|d OCLCQ
|d OCLCF
|d OCLCO
|d OCLCQ
|d OCLCA
|d CUS
|d UKMGB
|d DLC
|d VT2
|d NJT
|d WaSeSS
|
| 042 |
|
|
|a pcc
|
| 050 |
0 |
0 |
|a LB1778
|
| 082 |
0 |
4 |
|a 174.937
|
| 222 |
|
0 |
|a Journal of academic ethics
|b (Online)
|
| 245 |
0 |
0 |
|a Journal of academic ethics
|h [electronic resource].
|
| 260 |
|
|
|3 2003- :
|a [Dordrecht] :
|b Kluwer,
|c 2003-
|
| 260 |
3 |
|
|3 <Mar. 2008-> :
|a [Dordrecht] :
|b Springer
|
| 310 |
|
|
|a Four no. a year
|
| 362 |
0 |
|
|a Vol. 1, issue 1 (2003)-
|
| 500 |
|
|
|a Title from journal home page (viewed Jan. 20, 2004).
|
| 506 |
|
|
|a License restrictions may limit access.
|
| 538 |
|
|
|a Mode of access: World Wide Web.
|
| 588 |
|
|
|a Latest issue consulted: Vol. 16, issue 4 (Dec. 2018) (SpringerLink, viewed Nov. 30, 2018).
|
| 650 |
|
0 |
|a College teachers
|x Professional ethics
|v Periodicals.
|
| 650 |
|
0 |
|a College teaching
|x Moral and ethical aspects
|v Periodicals.
|
| 650 |
|
0 |
|a Education
|x Moral and ethical aspects
|v Periodicals.
|
| 650 |
|
7 |
|a College teachers
|x Professional ethics.
|2 fast
|0 (OCoLC)fst00868149
|
| 650 |
|
7 |
|a College teaching
|x Moral and ethical aspects.
|2 fast
|0 (OCoLC)fst00868211
|
| 650 |
|
7 |
|a Education
|x Moral and ethical aspects.
|2 fast
|0 (OCoLC)fst00902706
|
| 655 |
|
0 |
|a Electronic journals.
|
| 776 |
0 |
8 |
|i Print version:
|t Journal of academic ethics
|x 1570-1727
|w (DLC) 2010222851
|w (OCoLC)156827946
|
| 850 |
|
|
|a DLC
|
| 856 |
4 |
0 |
|z Full text available from Research Library: 01/01/2003 to 1 year ago
|u https://search.proquest.com/publication/55388
|